|
|
|
|
| LEADER |
00849nam a2200277 4500 |
| 001 |
DLU150173485 |
| 005 |
##20151130 |
| 040 |
# |
# |
|a DLU
|b vie
|
| 041 |
# |
# |
|a vie
|
| 044 |
# |
# |
|a vn
|
| 100 |
# |
# |
|a Nguyễn Trọng Phúc,
|c PGS.TS.
|
| 245 |
# |
# |
|a Khát vọng hòa bình và ý chí bảo vệ độc lập, chủ quyền dân tộc /
|c Nguyễn Trọng Phúc.
|
| 653 |
# |
# |
|a Độc lập
|
| 653 |
# |
# |
|a Bảo vệ
|
| 653 |
# |
# |
|a Chủ quyền dân tộc
|
| 653 |
# |
# |
|a Hòa bình
|
| 773 |
# |
# |
|t Tạp chí Lịch sử Đảng
|g Số 12 (253), Số 12/2011, tr.11-15
|
| 920 |
# |
# |
|a Phòng Tạp chí -- Trung tâm Thông tin - Thư viện Trường Đại học Đà Lạt
|
| 994 |
# |
# |
|a DLU
|
| 900 |
# |
# |
|a True
|
| 911 |
# |
# |
|a Trần Thị Minh Hương
|
| 925 |
# |
# |
|a G
|
| 926 |
# |
# |
|a A
|
| 927 |
# |
# |
|a BB
|
| 980 |
# |
# |
|a Thư viện Trường Đại học Đà Lạt
|